Most repeated words in the titles of the national anthems in the world. - Statistics

General Stats
  • This quiz has been taken 211 times
  • The average score is 5 of 14
Answer Stats
Times repeated Word % Correct
19 Land
71%
18 God
70%
6 Country
65%
21 Our
59%
10 We
43%
43 Hymn/Anthem
30%
13 Oh
27%
13 Song
25%
9 Liberty
21%
32 National
21%
17 Homeland
15%
10 Bless
14%
6 Republic
13%
6 Island
2%
No matching quizzes found
Score Distribution
Percent of People with Each Score
Percentile by Number Answered
Your Score History
You have not taken this quiz